000
00219 a2200097 4500
001
37857
100
_a
Markus J
245
_a
McGraw Hill electrical dictionary
260
_a
USA
_b
McGraw-Hill
_c
090
_c
24050
_d
24050
942
_a
NUST-CAE
_c
M
_c
15615
999
_c
272930
_d
272930